Normal view
MARC view
- Unnikrishnan, A. R
Entry Personal Name
001 - CONTROL NUMBER
- control field: 26512
003 - CONTROL NUMBER IDENTIFIER
- control field: IN-BhIIT
005 - DATE AND TIME OF LATEST TRANSACTION
- control field: 20251009125002.0
008 - FIXED-LENGTH DATA ELEMENTS
- fixed length control field: 251009|| aca||aabn | a|a d
040 ## - CATALOGING SOURCE
- Original cataloging agency: IN-BhIIT
- Transcribing agency: IN-BhIIT
100 ## - HEADING--PERSONAL NAME
- Personal name: Unnikrishnan, A. R
670 ## - SOURCE DATA FOUND
- Source citation: Work cat.: (IN-BhIIT)15147: Unnikrishnan, A. R. Author, Electric cables and overhead electrical conductors /, 2024.